| 000 | 00613nam a2200229 a 4500 | ||
|---|---|---|---|
| 001 | BRL_974 | ||
| 005 | 20190320210958.0 | ||
| 008 | 301013s1960----mx-#######---#000-1#spa-# | ||
| 041 | _aspa | ||
| 044 | _amx | ||
| 050 | 4 |
_aPQ7297.R65 _b.D56 1960 |
|
| 100 | 1 |
_aRojas Gonzáles, Francisco _925481 |
|
| 245 | 1 | 0 |
_aEl Diosero _cFrancisco Rojas González. |
| 250 | _a4a ed. | ||
| 260 |
_aMéxico _bFondo de Cultura Económica _c1960 |
||
| 300 |
_a131 p. _c17 cm. |
||
| 440 | 0 |
_aColección popular _v16 _925482 |
|
| 500 | _aAu1132 | ||
| 650 | 1 | 4 |
_aCuentos mexicanos _ySiglo XX _925042 |
| 902 | _aGRL | ||
| 942 |
_2lcc _cB |
||
| 999 |
_c9786 _d9786 |
||